01016nam a2200289 i 4500001001000000003000900010005001700019007000300036008004100039040003000080041000800110082002300118100006300141245004900204250002200253264009300275300004500368336002700413337003300440338002800473490004900501490001700550500005700567650002400624650002700648830005100675000045780DO-SdBNP20251124092713.0ta110221t1999 dr a r 000 p spa d aDO-SdBNPbspacBNPHUerda aspa 4aRD861.44bJ61a2221 aJiménez Alcántara, Miguel Antonio,d1955-eautor4aut.10aAmante del amor /cMiguel Antonio Jiménez. aPrimera edición 1aSanto Domingo, República Dominicana :bUniversidad Autónoma de Santo Domingo,c1999. a113 páginas :bilustraciones ;c22 cm. atextobtxt2rdacontent asin mediaciónbn2rdamedia avolumenbnc2rdacarrier1 aColección Taller literario César Vallejo1 aHorizontev1 aIncluye datos biográficos del autor en las solapas 4aPoesía dominicana 4aLiteratura dominicana. 0aTaller literario César VallejopHorizonten1